Normal view MARC view

Entry Topical Term

Number of records used in: 1

001 - CONTROL NUMBER

  • control field: 47625

003 - CONTROL NUMBER IDENTIFIER

  • control field: OSt

005 - DATE AND TIME OF LATEST TRANSACTION

  • control field: 20240913105102.0

008 - FIXED-LENGTH DATA ELEMENTS

  • fixed length control field: 240913|| aca||aabn | a|a d

040 ## - CATALOGING SOURCE

  • Original cataloging agency: OSt
  • Transcribing agency: OSt

150 ## - HEADING--TOPICAL TERM

  • Topical term or geographic name entry element: Indian knowledge systems, Sustainable development goals, Traditional wisdom, Social inclusion.

670 ## - SOURCE DATA FOUND

  • Source citation: Work cat.: (OSt): Mishra, Manoj Kumar and Narayan, Rudra 47624, Indian knowledge systems for sustainable development goals: An exploratory study

Powered by Koha